| 000 | 00911nam a22002891i 4500 | ||
|---|---|---|---|
| 001 | 114798 | ||
| 003 | ES-MaACL | ||
| 005 | 20250727062609.0 | ||
| 007 | t| | ||
| 008 | 070328s1976 sp ||||0| spa d | ||
| 016 | 7 | _zIND9600762813 | |
| 020 | _a84-7039-229-8 | ||
| 040 |
_aM-BN _bspa _cCDM |
||
| 080 | _a330.86 | ||
| 100 | 1 |
_aRíos, Fernando de los, _d1879-1949 _997398 |
|
| 245 | 1 | 3 |
_aEl sentido humanista del socialismo / _cFernando de los Ríos ; edición, introducción y notas de Elías Díaz. |
| 260 |
_aMadrid : _bCastalia, _c[1976] |
||
| 300 |
_a238 p. ; _c19 cm. |
||
| 490 | 1 |
_aBiblioteca de pensamiento ; _v3 |
|
| 500 | _aIndices. | ||
| 504 | _aBibliografía: p. 55-59. | ||
| 650 | 1 | 7 |
_aSocialismo _2embne _917147 |
| 700 | 1 |
_aDíaz, Elías. _944117 |
|
| 830 | 0 |
_aBiblioteca de pensamiento ; _v3 _9185757 |
|
| 852 |
_aES-MaACL _jL-8289 _bR.109020 |
||
| 999 |
_c114798 _d114798 |
||